000 00340pam a2200157a 44500
008 230515b2007 xxu||||| |||| 00| 0 eng d
020 _aNULL
041 _aMARATHI
082 _a630
100 _aDR VASUDEV SHASTRI JOSHI
245 _aDNYANYACHA PAIK
250 _a0
260 _aPUNE
_bN/A
_c2007
300 _a176
650 _aNULL
999 _c651306
_d651306